International migration and human rights law / (Record no. 59720)

MARC details
000 -LEADER
fixed length control field 00815nam a22002297a 4500
005 - DATE AND TIME OF LATEST TRANSACTION
control field 20130321113231.0
010 ## - LCCN (DPL NO)
LC control number ENG-104401
020 ## - INTERNATIONAL STANDARD BOOK NUMBER
International Standard Book Number 9789380388953
Terms of availability 1050.00
035 ## - SYSTEM CONTROL NUMBER
System control number EN -87934
035 ## - SYSTEM CONTROL NUMBER
System control number B-491248
037 ## - SOURCE OF ACQUISITION
Source of stock number/acquisition DBAD/PUB
037 ## - SOURCE OF ACQUISITION
Source of stock number/acquisition Mallika Books/Ven
082 ## - DEWEY DECIMAL CLASSIFICATION NUMBER
Classification number 341.48
100 ## - MAIN ENTRY--PERSONAL NAME
Personal name Singh, N.K.
245 ## - TITLE STATEMENT
Title International migration and human rights law /
Statement of responsibility, etc by N.K.Singh
260 ## - PUBLICATION, DISTRIBUTION, ETC. (IMPRINT)
Place of publication, distribution, etc New Delhi
Name of publisher, distributor, etc D.P.S. Publishing House
Date of publication, distribution, etc 2011
270 ## - ADDRESS
Address Room No. 213, 7/28, Mahavir Street, Ansari Road, Darya Ganj,
City New Delhi
Postal code 110002
300 ## - PHYSICAL DESCRIPTION
Extent vi,279p.
Dimensions 22cm (Hb)
500 ## - GENERAL NOTE
General note Includes bibliographical references and index
942 ## - ADDED ENTRY ELEMENTS (KOHA)
Source of classification or shelving scheme Dewey Decimal Classification
Item type English Books
Call number suffix SIN
Classification part 341.48
Holdings
Withdrawn status Lost status Not for loan Collection code Home library Current library Date acquired Source of acquisition Cost, normal purchase price Full call number Barcode Copy number Cost, replacement price Koha item type
    Not For Loan Reference Central Library Central Library 21/03/2013 Mallika Books/68/10.01.2013/23/18.12.2012/18.01.2013 1050.00 341.48 SIN B-491248 1 1050.00 English Books
    Not For Loan Non-fiction D.B.Act.Division D.B.Act.Division 21/12/2011 DBAD / PUB 1050.00 341.48 SIN EN -87934 1 1050.00 English Books

© Delhi Public Library
Hit Counter
free hit counter